000 00892nas a2200289 4500
001 BR0405386
003 BR-BrBNA
005 20231205104944.0
007 ta
008 230509b bl.|||p| |||| 00| 00por d
040 _aBR-BrBNA
_bpor
_cBiblioteca Nacional de Agricultura
041 _a(Pt)
072 _aF30; H20
100 1 _aGadum, J.
100 1 _aPinto, C.A.B.P.
100 1 _aRios, M.C.D.
245 1 _aDesempenho agronômico e reação de clones de batata (Solanum tuberosum L.)ao PVY
650 _aBATATA
650 _aCLONE
650 _aMELHORAMENTO GENÉTICO VEGETAL
650 _aVÍRUS
650 _aCARACTERÍSTICAS AGRONÔMICAS
650 _aVARIEDADE RESISTENTE
773 0 _tCiência e Agrotecnologia (Brazil)
_xISSN 1413-7054
_g(Dec 2003), v. 27(Special number) p. 1484-1492
_wBR0405386
909 _a202311
_bLúcia
_c55
_dLúcia Elande
942 _2AGRIS
_n0
_cANA
999 _c180483
_d180483